|
|
|
|
| LEADER |
00000nab a2200000 a 4500 |
| 001 |
vtls000227891 |
| 003 |
SK-MaSNL |
| 005 |
20260303231625.0 |
| 008 |
111130c1985 xo 0 slo |
| 015 |
|
|
|a SNBRB19rr/mm-uuuuu
|
| 035 |
|
|
|a CL0238005
|
| 040 |
|
|
|a SNKBUCL
|b slo
|c SNKBUCL
|e AACR2
|
| 041 |
0 |
|
|a slo
|
| 044 |
|
|
|a xo
|c SK
|
| 080 |
|
|
|a 323(100-19)(73)
|2 1981
|
| 080 |
|
|
|a 323.28(73)
|2 1981
|
| 100 |
1 |
|
|a Stasz, Michal,
|d 1935-
|4 aut
|9 5974
|
| 245 |
1 |
0 |
|a Pozor! Teroristi
|b Americké zastavenia
|c Michal Stasz
|
| 300 |
|
|
|b Obr. 1.
|
| 650 |
0 |
7 |
|a vnútorná politika
|2 snkbucl
|9 970
|
| 650 |
0 |
7 |
|a terorizmus
|2 snkbucl
|9 4295
|
| 655 |
|
7 |
|a články z novín a časopisov
|2 snkbucl
|9 267496
|
| 773 |
0 |
|
|t Nové slovo
|g Roč. 27, č. 42 (1985), s. 24
|
| 850 |
|
|
|a Slovenská národná knižnica v Martine
|a MTA001
|
| 852 |
|
|
|a SNK
|b KIS3GCP
|
| 958 |
|
|
|a RK
|
| 992 |
|
|
|a RBX
|
| 999 |
|
|
|c 2267751
|d 2269681
|